Lippincott illustrated reviews : biochemistry / (Record no. 139598)
[ view plain ]
| 000 -LEADER | |
|---|---|
| fixed length control field | 00647nam a22002297a 4500 |
| 005 - DATE AND TIME OF LATEST TRANSACTION | |
| control field | 20260123110351.0 |
| 008 - FIXED-LENGTH DATA ELEMENTS--GENERAL INFORMATION | |
| fixed length control field | 260123b xxu||||| |||| 00| 0 eng d |
| 020 ## - INTERNATIONAL STANDARD BOOK NUMBER | |
| International Standard Book Number | 9781975220501 (pbk) |
| 040 ## - CATALOGING SOURCE | |
| Transcribing agency | PK-LaUMT |
| 082 ## - DEWEY DECIMAL CLASSIFICATION NUMBER | |
| Classification number | 615.1 |
| Item number | LIP- |
| 245 ## - TITLE STATEMENT | |
| Title | Lippincott illustrated reviews : biochemistry / |
| Statement of responsibility, etc | by Emine Ercikan Abali . . . [et al.] |
| 250 ## - EDITION STATEMENT | |
| Edition statement | 9th ed. |
| 260 ## - PUBLICATION, DISTRIBUTION, ETC. (IMPRINT) | |
| Place of publication, distribution, etc | Philadelphia : |
| Name of publisher, distributor, etc | Health, |
| Date of publication, distribution, etc | 2025 |
| 300 ## - PHYSICAL DESCRIPTION | |
| Extent | 661 p. |
| 650 ## - SUBJECT ADDED ENTRY--TOPICAL TERM | |
| Topical term or geographic name as entry element | Medicines |
| 650 ## - SUBJECT ADDED ENTRY--TOPICAL TERM | |
| Topical term or geographic name as entry element | Drugs |
| 650 ## - SUBJECT ADDED ENTRY--TOPICAL TERM | |
| Topical term or geographic name as entry element | Biochemistry |
| 700 ## - ADDED ENTRY--PERSONAL NAME | |
| Personal name | Cline, Susa D. |
| 700 ## - ADDED ENTRY--PERSONAL NAME | |
| Personal name | Franklin, David S. |
| 700 ## - ADDED ENTRY--PERSONAL NAME | |
| Personal name | Viselli, Susan M. |
| 942 ## - ADDED ENTRY ELEMENTS (KOHA) | |
| Koha item type | Books |
| Withdrawn status | Lost status | Damaged status | Home library | Current library | Date acquired | Full call number | Barcode | Date last seen | Price effective from | Koha item type | Copy number |
|---|---|---|---|---|---|---|---|---|---|---|---|
| UMT Health Sciences Campus | UMT Health Sciences Campus | 2026-01-23 | 615.1 LIP- | 151455 | 2026-01-23 | 2026-01-23 | Books | ||||
| UMT Health Sciences Campus | UMT Health Sciences Campus | 2026-01-23 | 615.1 LIP- | 151456 | 2026-01-23 | 2026-01-23 | Books | C.2 | |||
| UMT Health Sciences Campus | UMT Health Sciences Campus | 2026-01-23 | 615.1 LIP- | 151457 | 2026-01-23 | 2026-01-23 | Books | C.3 |
